000 01143nam a2200313 a 4500
001 000111983
003 CHAP
005 20220329144240.0
008 151112s2015 mx a |sm |||||||spa d
010 _a108444
011 _a109416
040 _cCHAP
090 _aTesis
100 1 _aRodríguez González, Mayela
_9129998
245 1 0 _aEvaluación de microorganismos eficaces para la obtención de abono orgánico a partir de estiércol bovino
_h[En línea]
_cpor Mayela Rodríguez González.
260 _aBermijillo, Dgo. :
_bEl autor,
_c2015.
500 _aPara ver el contenido del material haga clic en la liga
502 _aTesis (Ingeniero en Sistemas Agrícolas) -- UACH. Unidad Regional Universitaria de Zonas Áridas
590 _aE5652GLJ
_b05
_c20151112
_lUCH01
_h1212
590 _aE5652GLJ
_b05
_c20151112
_lUCH01
_h1215
650 1 4 _aAgricultura orgánica.
_92005
650 1 4 _aCompost.
_926105
650 1 4 _aEstiércol como fertilizante.
_938317
650 1 4 _aMicroorganismos.
_975519
856 _aFinding aid
_uhttp://10.13.5.2/tesis/sist111983.pdf
_zTeclea aquí
901 _aBK
942 _cTESIS
942 _n0
999 _c108444
_d108444